000 00708nam a22002657a 4500
001 9261
003 FISKH
005 20251205160722.0
008 251205b cb ||||| |||| 00| 0 eng d
020 _a9781604728040
040 _aFISKH
_beng
_cFISKH
_dFISKH
050 _aQL565.G746
082 _a 595.7
100 _aGreve, Tom
245 _aBuzzing bugs /
_cTom Greve
260 _aFlorida :
_bRourke,
_c2009.
300 _a24 pages :
_bcolor illustrations ;
_c18 cm
505 _aG
520 _aKids Will Learn About Insects That Fly.
521 8 _a380
_bLexile estimate
521 8 _aG
_bRaz-Plus
650 _aAnimals
_vLiterature
_xScience
942 _2ddc
_cBK
_n0
999 _c9261
_d9261